LEADER 01768nas 2200589- 450 001 996404435103316 005 20230522213016.0 011 $a2632-7376 035 $a(DE-599)ZDB3040464-2 035 $a(OCoLC)1198599095 035 $a(CKB)4100000009920002 035 $a(CONSER)--2021221018 035 $a(EXLCZ)994100000009920002 100 $a20190521a20209999 --- a 101 0 $aeng 135 $aur||||||||||| 181 $2rdacontent 182 $2rdamedia 183 $2rdacarrier 200 00$aCerebral cortex communications 210 1$aCary, NC :$cOxford University Press 215 $a1 online resource$cillustrations (colour) 300 $aRefereed/Peer-reviewed 606 $aNeurosciences$vPeriodicals 606 $aNeurobiology$vPeriodicals 606 $aBiological psychiatry$vPeriodicals 606 $aCerebral cortex$vPeriodicals 606 $aBrain$vPeriodicals 606 $aCerebral Cortex 606 $aNeurosciences$2fast$3(OCoLC)fst01036509 606 $aNeurobiology$2fast$3(OCoLC)fst01036315 606 $aBiological psychiatry$2fast$3(OCoLC)fst00832308 606 $aBrain$2fast$3(OCoLC)fst00837570 606 $aCerebral cortex$2fast$3(OCoLC)fst00851274 608 $aPeriodicals.$2fast 608 $aPeriodicals.$2lcgft 615 0$aNeurosciences 615 0$aNeurobiology 615 0$aBiological psychiatry 615 0$aCerebral cortex 615 0$aBrain 615 12$aCerebral Cortex 615 7$aNeurosciences. 615 7$aNeurobiology. 615 7$aBiological psychiatry. 615 7$aBrain. 615 7$aCerebral cortex. 676 $a612.825 906 $aJOURNAL 912 $a996404435103316 996 $aCerebral Cortex Communications$92564465 997 $aUNISA LEADER 03776nam 22006255 450 001 9910254567103321 005 20200703154638.0 010 $a9781484223765 010 $a1484223764 024 7 $a10.1007/978-1-4842-2376-5 035 $a(CKB)3710000001086790 035 $a(DE-He213)978-1-4842-2376-5 035 $a(MiAaPQ)EBC4818790 035 $a(CaSebORM)9781484223765 035 $a(PPN)199770379 035 $a(OCoLC)980303852 035 $a(OCoLC)ocn980303852 035 $a(EXLCZ)993710000001086790 100 $a20170306d2017 u| 0 101 0 $aeng 135 $aurnn|008mamaa 181 $ctxt$2rdacontent 182 $cc$2rdamedia 183 $acr$2rdacarrier 200 10$aBeginning Adobe Animate CC $eLearn to Efficiently Create and Deploy Animated and Interactive Content /$fby TOM GREEN, Joseph Labrecque 205 $a1st ed. 2017. 210 1$aBerkeley, CA :$cApress :$cImprint: Apress,$d2017. 215 $a1 online resource (XXVI, 596 p. 466 illus.) 300 $aIncludes index. 311 08$a9781484223758 311 08$a1484223756 327 $a1. Learning The Animate CC Interface -- 2. Graphics in Animate CC -- 3. Symbols and Libraries -- 4. Interactivity Basics -- 5. Audio in Animate CC -- 6. Text in Animate CC -- 7. Animation -- 8. The Motion Editor and Inverse Kinematics -- 9. Animate CC and the Third Dimension -- 10. Video -- 11. Components and External Media -- 12. Optimizing and Publishing Animate CC Projects. 330 $aThis is one of the first comprehensive books on Adobe Animate CC to thoroughly examine and demonstrate how to create and deploy interactive and motion design content to mobile, tablet, and desktop screens. Through the use of solid and practical exercises, you will soon master the fundamentals of Adobe Animate CC. Using a series of carefully developed tutorials, Beginning Adobe Animate CC will lead you from basic Animate CC document workflows to the point where you can create animations, interactive projects, and anything else using a variety of techniques. Each chapter focuses on a major aspect of Animate CC and then lets you take over with a series of "Your Turn" exercises that let you create amazing projects based on what you have learned. Beginning Adobe Animate CC focuses on the core skill set needed to master Animate CC and while you are at it, you will be guided to the mastery of the fundamentals, such as drawing tools, movie clips, video and audio content, text, graphics, external data, components, and a solid overview of the code you need to know to take your skills to the next level. . 517 3 $aBeginning Adobe Animate Creative Cloud 606 $aComputer graphics 606 $aComputer programming 606 $aProgramming languages (Electronic computers) 606 $aComputer Graphics$3https://scigraph.springernature.com/ontologies/product-market-codes/I22013 606 $aProgramming Techniques$3https://scigraph.springernature.com/ontologies/product-market-codes/I14010 606 $aProgramming Languages, Compilers, Interpreters$3https://scigraph.springernature.com/ontologies/product-market-codes/I14037 615 0$aComputer graphics. 615 0$aComputer programming. 615 0$aProgramming languages (Electronic computers) 615 14$aComputer Graphics. 615 24$aProgramming Techniques. 615 24$aProgramming Languages, Compilers, Interpreters. 676 $a006.6 700 $aGREEN$b TOM$4aut$4http://id.loc.gov/vocabulary/relators/aut$0479167 702 $aLabrecque$b Joseph$4aut$4http://id.loc.gov/vocabulary/relators/aut 801 0$bUMI 801 1$bUMI 906 $aBOOK 912 $a9910254567103321 996 $aBeginning Adobe Animate CC$92182072 997 $aUNINA